000
00288nam a2200109Ia 4500
008
200302s9999 xx 000 0 und d
100
_a
Masaru Kawatoko
245
_a
Spa-De : Vol 1 - Feature Article - Cyber Deco
260
_b
Images Publishing, Austraila
260
_c
2004
300
_a
167 P
999
_c
4852
_d
4852